<?xml version="1.0" encoding="UTF-8"?>
<collection xmlns="http://www.loc.gov/MARC21/slim">
 <record>
  <leader>00461pamaa2200157   4500</leader>
  <controlfield tag="001">0000017250</controlfield>
  <controlfield tag="005">20131029090000.0</controlfield>
  <datafield tag="020" ind1="0" ind2="0">
   <subfield code="a">0631139281 </subfield>
  </datafield>
  <datafield tag="082" ind1=" " ind2=" ">
   <subfield code="a">320.942 HAL</subfield>
  </datafield>
  <datafield tag="090" ind1="0" ind2="0">
   <subfield code="a">DA445 </subfield>
   <subfield code="b">HAL 1985</subfield>
  </datafield>
  <datafield tag="100" ind1="1" ind2="0">
   <subfield code="a">HALEY </subfield>
  </datafield>
  <datafield tag="245" ind1="1" ind2="0">
   <subfield code="a">Politics in the reign of Charles II  </subfield>
   <subfield code="c">K.H.D. Haley.</subfield>
  </datafield>
  <datafield tag="260" ind1="0" ind2="0">
   <subfield code="a">Oxford: </subfield>
   <subfield code="b">Basil Blackwell, </subfield>
   <subfield code="c">1985.</subfield>
  </datafield>
  <datafield tag="300" ind1=" " ind2=" ">
   <subfield code="a">87p.: </subfield>
   <subfield code="b">22cm.</subfield>
  </datafield>
  <datafield tag="600" ind1="1" ind2="0">
   <subfield code="a">Charles II, </subfield>
   <subfield code="h">King of England</subfield>
  </datafield>
  <datafield tag="651" ind1="0" ind2="0">
   <subfield code="a">Great Britain -- </subfield>
   <subfield code="x">Politics and government -- </subfield>
   <subfield code="x">1660-1688 </subfield>
  </datafield>
 </record>
</collection>
